ბათუმის შოთა რუსთაველის სახელმწიფო უნივერსიტეტის ბიბლიოთეკა

Теория цивилизаций : (ბიბ.ჩანაწერი № 61412)

000 -LEADER
fixed length control field 00713nam a22001817a 4500
005 - DATE AND TIME OF LATEST TRANSACTION
control field 20240307151405.0
008 - FIXED-LENGTH DATA ELEMENTS--GENERAL INFORMATION
fixed length control field 240307s2002 ru ||||| |||| 00| 0 rus d
020 ## - INTERNATIONAL STANDARD BOOK NUMBER
International Standard Book Number 5893294173
041 ## - LANGUAGE CODE
Language code of text/sound track or separate title ru
080 ## - UNIVERSAL DECIMAL CLASSIFICATION NUMBER
Universal Decimal Classification number 008 И-75
100 ## - MAIN ENTRY--PERSONAL NAME
Personal name Ионов, И.Н.
9 (RLIN) 21367
245 ## - TITLE STATEMENT
Title Теория цивилизаций :
Remainder of title От античности до конца XIX века /
Statement of responsibility, etc. И.Н. Ионов, В.М. Хачатурян.
264 ## - PRODUCTION, PUBLICATION, DISTRIBUTION, MANUFACTURE, AND COPYRIGHT NOTICE
Place of production, publication, distribution, manufacture СПб.:
Name of producer, publisher, distributor, manufacturer Алетейя,
Date of production, publication, distribution, manufacture, or copyright notice 2002.
300 ## - PHYSICAL DESCRIPTION
Extent 384 с.
Other physical details 22 см.
653 ## - INDEX TERM--UNCONTROLLED
keyword ცივილიზაციების თეორია
653 ## - INDEX TERM--UNCONTROLLED
keyword ანტიკური ხანიდან XIX საუკუნის ბოლომდე.
942 ## - ADDED ENTRY ELEMENTS (KOHA)
Source of classification or shelving scheme
Koha item type წიგნი
ეგზემპლარები
Withdrawn status Lost status Source of classification or shelving scheme Damaged status Not for loan Permanent Location Current Location Shelving location Date acquired Cost, normal purchase price Full call number Barcode Date last seen Copy number Uniform Resource Identifier Price effective from Koha item type Public note
          ბათუმის შოთა რუსთაველის სახელმწიფო უნივერსიტეტის მთავარი ბიბლიოთეკა ბათუმის შოთა რუსთაველის სახელმწიფო უნივერსიტეტის მთავარი ბიბლიოთეკა წიგნსაცავი 2024-03-07 8.00 008 И-75 65755 2024-03-07 65755 ბსუ-ს საპატიო დოქტორის გურამ ლორთქიფანიძის საჩუქარი 2024-03-07 წიგნი 8 ლ.